| 000 | 00343nam a22001337a 4500 | ||
|---|---|---|---|
| 008 | 250319b |||||||| |||| 00| 0 eng d | ||
| 020 | _a9783098209 | ||
| 050 |
_aJQ3092 _b.D43 |
||
| 100 | _aUJO, Abdulhameed | ||
| 245 | _a3 Decades of the Nigerian Civil Service | ||
| 260 |
_aAbuja _bAdema Publishers _c1990 |
||
| 300 | _aix, 307p. | ||
| 942 | _cBK | ||
| 999 |
_c2452 _d2452 |
||